[Event "24.Schlosspark-Open"]
[Site "Wiesbaden-Biebrich"]
[Date "2012.08.26"]
[Round "7.26"]
[White "Regis, Georg"]
[Black "Wüst, Klaus"]
[Result "1/2-1/2"]
[WhiteElo "2137"]
[BlackElo "2005"]
[PlyCount "85"]
[EventDate "2012.??.??"]
[WhiteTeam "SAbt TuS Dotzheim"]
[BlackTeam "Sfr. Wieseck"]

1. e4 e5 2. Nf3 Nc6 3. Bb5 a6 4. Bxc6 dxc6 5. O-O Bd6 6. d3 Ne7 7. Nbd2 Ng6 8.
Nc4 Be6 9. Ne3 f6 10. d4 O-O 11. b3 Qd7 12. Bb2 Rad8 13. c4 exd4 14. Qxd4 Qe7
15. Qc3 Bc8 16. Qc2 Rfe8 17. Nd2 Bc5 18. Rae1 Nf4 19. Bc3 Qf7 20. b4 Bd6 21. c5
Bf8 22. f3 Qg6 23. Kh1 a5 24. a3 axb4 25. axb4 b6 26. Nb3 Ba6 27. Rg1 Bd3 28.
Qb2 Bb5 29. Rd1 bxc5 30. Nxc5 Qf7 31. Bd4 Ra8 32. Rd2 Bd6 33. g3 Ne6 34. Nxe6
Qxe6 35. Nf5 Ra4 36. Nxd6 cxd6 37. g4 h6 38. Bc3 Bc4 39. Rgd1 d5 40. Re1 Ra2
41. Qc1 Rxd2 42. Qxd2 dxe4 43. Rxe4 1/2-1/2

[Event "24.Schlosspark-Open"]
[Site "Wiesbaden-Biebrich"]
[Date "2012.08.26"]
[Round "7.27"]
[White "Kreiling, Carsten"]
[Black "Belz, Frank-M"]
[Result "1/2-1/2"]
[WhiteElo "2114"]
[BlackElo "1969"]
[PlyCount "83"]
[EventDate "2012.??.??"]
[WhiteTeam "SVG Eppstein 1932"]
[BlackTeam "SK Freising"]

1. d4 d5 2. c4 c6 3. Nc3 dxc4 4. a4 e5 5. dxe5 Qxd1+ 6. Kxd1 Be6 7. e4 Nd7 8.
f4 O-O-O 9. Kc2 g6 10. Nf3 Nc5 11. Be3 Nb3 12. Rb1 Bc5 13. Bxc5 Nxc5 14. Rd1
Rxd1 15. Kxd1 a6 16. Nd4 Nh6 17. Kc2 Rd8 18. Nxe6 Nxe6 19. Bxc4 Nxf4 20. Rf1
Nxg2 21. Rf2 Ne3+ 22. Kb3 Nxc4 23. Kxc4 Ng4 24. Re2 Nxe5+ 25. Kc5 Kc7 26. a5
Nd3+ 27. Kc4 Ne5+ 28. Kc5 Rd3 29. Na4 Nd7+ 30. Kc4 Ne5+ 31. Kc5 Nd7+ 32. Kc4
Ne5+ 33. Kc5 Nd7+ 34. Kc4 Ne5+ 35. Kc5 h5 36. b4 g5 37. Nb6 g4 38. Rf2 Rf3 39.
Rd2 Rd3 40. Rf2 Rf3 41. Rd2 Rd3 42. Rf2 1/2-1/2

[Event "24.Schlosspark-Open"]
[Site "Wiesbaden-Biebrich"]
[Date "2012.08.26"]
[Round "7.28"]
[White "Minz, Michail"]
[Black "Schwarz, Eduard"]
[Result "1-0"]
[WhiteElo "2096"]
[BlackElo "1942"]
[PlyCount "81"]
[EventDate "2012.??.??"]
[WhiteTeam "SK Gau-Algesheim"]
[BlackTeam "SG Turm Idstein"]

1. e4 e5 2. Nc3 Nf6 3. Bc4 Bc5 4. d3 Nc6 5. a3 d6 6. h3 Be6 7. Bb5 a6 8. Bxc6+
bxc6 9. Qf3 Nd7 10. Na4 Ba7 11. Be3 O-O 12. Bxa7 Rxa7 13. g4 Qg5 14. Ne2 Rb7
15. Rd1 d5 16. Ng3 g6 17. Qe3 Qxe3+ 18. fxe3 Rb5 19. b3 d4 20. Kd2 c5 21. Nb2
Nb6 22. a4 Rb4 23. Nc4 Nxc4+ 24. dxc4 a5 25. Ne2 Rd8 26. Nc1 dxe3+ 27. Kxe3
Rxd1 28. Rxd1 Rb8 29. Nd3 Rd8 30. Rf1 Kg7 31. Nxe5 h5 32. gxh5 gxh5 33. h4 f6
34. Rg1+ Kh7 35. Nd3 Bg4 36. Nxc5 Bd1 37. Rg2 Rg8 38. Rxg8 Kxg8 39. c3 Kf7 40.
b4 Ke7 41. bxa5 1-0

[Event "24.Schlosspark-Open"]
[Site "Wiesbaden-Biebrich"]
[Date "2012.08.26"]
[Round "7.29"]
[White "Berberich, Christoph"]
[Black "Achtmann, Armin"]
[Result "1/2-1/2"]
[WhiteElo "2085"]
[BlackElo "1931"]
[PlyCount "84"]
[EventDate "2012.??.??"]
[WhiteTeam "SK Freiburg Zähringen 1887 e.V."]
[BlackTeam "Petra/Mallorca"]

1. d4 Nf6 2. Nf3 g6 3. c4 Bg7 4. Nc3 O-O 5. e4 d6 6. Be2 c5 7. d5 a6 8. a4 Bg4
9. O-O Nbd7 10. h3 Bxf3 11. Bxf3 Qc7 12. Be3 Rae8 13. Qd2 e6 14. dxe6 Rxe6 15.
Nd5 Nxd5 16. exd5 Re7 17. Rab1 a5 18. b3 b6 19. Bd1 Rfe8 20. Bg5 Bf6 21. Bh6
Bg7 22. Bxg7 Kxg7 23. h4 Qd8 24. h5 h6 25. Qc3+ Kg8 26. hxg6 fxg6 27. Qg3 Nf8
28. Bc2 Re5 29. f3 Rg5 30. Qf4 Re2 31. Rf2 Qe7 32. Be4 Rxf2 33. Kxf2 Qe5 34.
Qxe5 Rxe5 35. Ke3 Kg7 36. f4 Re7 37. g4 Nd7 38. Kf3 Nf6 39. Bd3 Nd7 40. Rh1 Rf7
41. Kg3 Re7 42. Kf3 Rf7 1/2-1/2

[Event "24.Schlosspark-Open"]
[Site "Wiesbaden-Biebrich"]
[Date "2012.08.26"]
[Round "7.30"]
[White "Sandten, Ulrich"]
[Black "Larem, Peter"]
[Result "1/2-1/2"]
[WhiteElo "2082"]
[BlackElo "1935"]
[PlyCount "45"]
[EventDate "2012.??.??"]
[WhiteTeam "SF Vonkeln 1931"]
[BlackTeam "Schach-Spielgemeinschaft Röderma"]

1. e4 e5 2. Nf3 Nf6 3. Nxe5 d6 4. Nf3 Nxe4 5. Nc3 Nxc3 6. dxc3 Be7 7. Bf4 Nd7
8. Qd2 O-O 9. O-O-O Nc5 10. Kb1 Be6 11. h4 Re8 12. Ng5 Bf5 13. Bc4 Be6 14. Bd3
Nxd3 15. Qxd3 g6 16. Nxe6 fxe6 17. h5 g5 18. Bd2 Bf6 19. f4 gxf4 20. Bxf4 Qe7
21. g4 Kh8 22. Qb5 Rg8 23. Rhg1 1/2-1/2

[Event "24.Schlosspark-Open"]
[Site "Wiesbaden-Biebrich"]
[Date "2012.08.26"]
[Round "7.31"]
[White "Klein, Maximilian"]
[Black "Seidel, Jürgen"]
[Result "0-1"]
[WhiteElo "2002"]
[BlackElo "2059"]
[PlyCount "22"]
[EventDate "2012.??.??"]
[WhiteTeam "SC Idar-Oberstein"]
[BlackTeam "SV 1920 Hofheim"]

1. e4 d6 2. d4 Nf6 3. f4 Nxe4 4. Bd3 d5 5. Qe2 Nd6 6. Nc3 c6 7. Bd2 Bf5 8. Bxf5
Nxf5 9. Nf3 Nd7 10. O-O-O Nf6 11. h3 Ng3 0-1

[Event "24.Schlosspark-Open"]
[Site "Wiesbaden-Biebrich"]
[Date "2012.08.26"]
[Round "7.32"]
[White "Hillgärtner, Walter"]
[Black "Baskin, Robert"]
[Result "0-1"]
[WhiteElo "1962"]
[BlackElo "2055"]
[PlyCount "72"]
[EventDate "2012.??.??"]
[WhiteTeam "SC Bad Nauheim"]
[BlackTeam "SAbt TuS Makkabi Ffm"]

1. d4 Nf6 2. Nf3 g6 3. Bf4 Bg7 4. e3 O-O 5. h3 d6 6. c3 b6 7. Be2 Bb7 8. O-O
Nbd7 9. a4 a6 10. Na3 Ne4 11. Nc4 Qe8 12. Bh2 e5 13. Qc2 f5 14. Ncd2 Nxd2 15.
Qxd2 h6 16. Qc2 g5 17. Rac1 Qg6 18. Ne1 Rae8 19. b4 h5 20. f3 Qe6 21. Bd3 Bh6
22. Rd1 g4 23. e4 fxe4 24. Bxe4 Bxe4 25. Qxe4 gxh3 26. dxe5 hxg2 27. Nxg2 Nxe5
28. Bxe5 Qxe5 29. Qg6+ Qg7 30. Qd3 Rf6 31. Kh1 Qg3 32. Qd5+ Kg7 33. Qxh5 Be3
34. Nf4 Bxf4 35. Rg1 Rh8 36. Rxg3+ Bxg3 0-1

[Event "24.Schlosspark-Open"]
[Site "Wiesbaden-Biebrich"]
[Date "2012.08.26"]
[Round "7.33"]
[White "Zeyer, Oliver"]
[Black "Bangert, Udo"]
[Result "1-0"]
[WhiteElo "1976"]
[BlackElo "1790"]
[PlyCount "61"]
[EventDate "2012.??.??"]
[WhiteTeam "SF HN-Biberach 1978 e.V."]
[BlackTeam "SG Stern Stuttgart"]

1. e4 d5 2. exd5 Nf6 3. d4 Nxd5 4. c4 Nb6 5. Nc3 g6 6. Nf3 Bg7 7. Be3 O-O 8. h3
Nc6 9. c5 Nd5 10. Bc4 e6 11. O-O Nce7 12. Bg5 Nf6 13. Qe2 h6 14. Bh4 Nf5 15.
Rad1 Nxh4 16. Nxh4 Nd5 17. Nf3 Nxc3 18. bxc3 c6 19. Qe4 Qc7 20. h4 Re8 21. Rfe1
b5 22. Bxb5 Bd7 23. Bc4 Rab8 24. h5 f5 25. Qd3 Kh7 26. hxg6+ Kxg6 27. Ne5+ Kh7
28. Re3 Re7 29. Rde1 Rbe8 30. Nxd7 Qxd7 31. Bxe6 1-0

[Event "24.Schlosspark-Open"]
[Site "Wiesbaden-Biebrich"]
[Date "2012.08.26"]
[Round "7.34"]
[White "Kannenberg, Carl-Fr"]
[Black "Kolker, Vladislav"]
[Result "0-1"]
[WhiteElo "1939"]
[BlackElo "2028"]
[PlyCount "43"]
[EventDate "2012.??.??"]
[WhiteTeam "SAbt TuS Dotzheim"]
[BlackTeam "SC Bad Nauheim"]

1. e4 e5 2. Nf3 Nc6 3. Bb5 f5 4. d3 d6 5. exf5 Bxf5 6. Be3 Nf6 7. Nbd2 Be7 8.
Bg5 O-O 9. Bc4+ d5 10. Bb3 Bg4 11. h3 Bh5 12. g4 Bf7 13. a3 h6 14. Bh4 e4 15.
dxe4 dxe4 16. Bxf7+ Rxf7 17. Nh2 Qd4 18. c3 Qd3 19. Nhf1 Re8 20. Qe2 Qc2 21.
Rb1 Ne5 22. Rd1 0-1

[Event "24.Schlosspark-Open"]
[Site "Wiesbaden-Biebrich"]
[Date "2012.08.26"]
[Round "7.35"]
[White "Gentner, Markus"]
[Black "Bykov, Vyacheslav"]
[Result "1/2-1/2"]
[WhiteElo "2026"]
[BlackElo "1636"]
[PlyCount "131"]
[EventDate "2012.??.??"]
[WhiteTeam "SC Murrhardt 1948 e.V."]
[BlackTeam "Wiesbadener SV 1885"]

1. Nf3 g6 2. d4 d5 3. Bf4 Nd7 4. e3 Bg7 5. c4 Ngf6 6. h3 O-O 7. Nc3 dxc4 8.
Bxc4 c6 9. a4 Qa5 10. O-O Nb6 11. Ba2 Nbd5 12. Nxd5 Nxd5 13. Bh2 Bf5 14. g4 Bc8
15. Ne5 Be6 16. Nd3 Rad8 17. Rc1 Nf6 18. b4 Qb6 19. a5 Qb5 20. Bxe6 fxe6 21.
Rc5 Qa6 22. Nf4 Ne4 23. Rc1 c5 24. bxc5 e5 25. Qc2 Nxf2 26. Rxf2 exf4 27. Qa2+
Kh8 28. Bxf4 Qd3 29. Rcf1 Qe4 30. Qe2 Rfe8 31. Bg5 h6 32. Bh4 g5 33. Bg3 e5 34.
dxe5 Bxe5 35. Qf3 Bxg3 36. Qxg3 Qxe3 37. Qxe3 Rxe3 38. Rf8+ Rxf8 39. Rxf8+ Kg7
40. Ra8 a6 41. Ra7 Rc3 42. Rxb7+ Kg8 43. Rb6 Rxc5 44. Rxa6 Kg7 45. Ra7+ Kf6 46.
a6 Ra5 47. Kg2 Ra3 48. Ra8 Kg7 49. Kf2 Rxh3 50. Rb8 Ra3 51. Rb6 Kh7 52. Ke2 Kg7
53. Kd2 Kh7 54. Kc2 Ra1 55. Kb2 Ra5 56. Kb3 h5 57. gxh5 g4 58. Kb4 Ra1 59. Rg6
g3 60. Kb5 Rb1+ 61. Kc6 Ra1 62. Kb7 Rb1+ 63. Ka8 Rb3 64. Ka7 Kh8 65. Ka8 Kh7
66. Ka7 1/2-1/2

[Event "24.Schlosspark-Open"]
[Site "Wiesbaden-Biebrich"]
[Date "2012.08.26"]
[Round "7.36"]
[White "Geyler, Stefan"]
[Black "Kayser, Felix"]
[Result "1/2-1/2"]
[WhiteElo "1915"]
[BlackElo "2220"]
[PlyCount "32"]
[EventDate "2012.??.??"]
[WhiteTeam "Düsseldorfer SK 14/25 e."]
[BlackTeam "Wiesbadener SV 1885"]

1. e4 c5 2. Nf3 g6 3. d4 cxd4 4. Nxd4 Nc6 5. Nc3 Bg7 6. Be3 Nf6 7. Bc4 O-O 8.
Bb3 a5 9. O-O d6 10. f3 Nxd4 11. Bxd4 Bd7 12. a4 Bc6 13. Nd5 Bxd5 14. exd5 Nd7
15. Bxg7 Kxg7 16. Qd4+ f6 1/2-1/2

[Event "24.Schlosspark-Open"]
[Site "Wiesbaden-Biebrich"]
[Date "2012.08.26"]
[Round "7.37"]
[White "Werner, Dimo"]
[Black "Witte, Volker"]
[Result "1-0"]
[WhiteElo "2160"]
[BlackElo "1903"]
[PlyCount "53"]
[EventDate "2012.??.??"]
[WhiteTeam "Vorw.Orient Mainz"]
[BlackTeam "SF Schlebusch"]

1. Nf3 Nf6 2. d4 g6 3. c4 Bg7 4. g3 d6 5. Bg2 O-O 6. O-O Nbd7 7. Nc3 c5 8. b3
Rb8 9. Bb2 a6 10. a4 cxd4 11. Nxd4 Nc5 12. Ra3 Bg4 13. h3 Bd7 14. Qd2 Qe8 15.
Kh2 Ne6 16. Nc2 Bc6 17. Nd5 Bxd5 18. cxd5 Nc5 19. Nd4 Nfe4 20. Qe3 f5 21. b4 b6
22. bxc5 bxc5 23. Nc6 Qxc6 24. dxc6 Rxb2 25. Bxe4 Bd4 26. Bd5+ Kg7 27. Qxe7+
1-0

[Event "24.Schlosspark-Open"]
[Site "Wiesbaden-Biebrich"]
[Date "2012.08.26"]
[Round "7.38"]
[White "Brechlin, Olaf"]
[Black "Ottway, Christopher"]
[Result "1-0"]
[WhiteElo "2063"]
[BlackElo "1913"]
[PlyCount "37"]
[EventDate "2012.??.??"]
[WhiteTeam "FVS ASP Hoyerswerda"]
[BlackTeam "Biebertaler SF"]

1. Nc3 g6 2. e4 Bg7 3. Bc4 d6 4. f4 a6 5. Nf3 e6 6. O-O b5 7. Bb3 Bb7 8. f5
exf5 9. exf5 Ne7 10. Ng5 Bd4+ 11. Kh1 Nxf5 12. Bxf7+ Ke7 13. d3 Qd7 14. Be6 Qc6
15. Bd5 Qb6 16. Rxf5 Bxc3 17. Rf7+ Ke8 18. Bxb7 Qxb7 19. bxc3 1-0

[Event "24.Schlosspark-Open"]
[Site "Wiesbaden-Biebrich"]
[Date "2012.08.26"]
[Round "7.39"]
[White "Scharrer, Udo"]
[Black "Lukas, Sebastian"]
[Result "1-0"]
[WhiteElo "2054"]
[BlackElo "1887"]
[PlyCount "71"]
[EventDate "2012.??.??"]
[WhiteTeam "SG Stern Stuttgart"]
[BlackTeam "SC 1979 Hattersheim"]

1. d4 d5 2. c4 c6 3. Nf3 Nf6 4. e3 e6 5. b3 Nbd7 6. Bd3 Bb4+ 7. Nbd2 Ne4 8. O-O
f5 9. Qc2 O-O 10. a3 Bd6 11. Bb2 Qe7 12. Ne5 Nxd2 13. Qxd2 c5 14. Nxd7 Bxd7 15.
dxc5 Bxc5 16. cxd5 exd5 17. Be2 Be6 18. Bf3 Rfd8 19. b4 Bb6 20. Bd4 Bc7 21. g3
b5 22. Rfd1 a5 23. Bc5 Bd6 24. Rac1 Rac8 25. Bb6 Bc7 26. Rxc7 Rxc7 27. Bxa5
Rcd7 28. Bxd8 Qxd8 29. Qd4 Qa8 30. Rd3 Kf7 31. Rc3 Ra7 32. Qd3 Kf6 33. Kg2 g5
34. Qd4+ Kf7 35. Rc5 Rxa3 36. Rc7+ 1-0

[Event "24.Schlosspark-Open"]
[Site "Wiesbaden-Biebrich"]
[Date "2012.08.26"]
[Round "7.40"]
[White "Beck, Michael"]
[Black "Eg, Karlheinz"]
[Result "1/2-1/2"]
[WhiteElo "1909"]
[BlackElo "2025"]
[PlyCount "55"]
[EventDate "2012.??.??"]
[WhiteTeam "SC Flörsheim 1921"]
[BlackTeam "SV Rüsselsheim 1929"]

1. Nf3 Nf6 2. c4 g6 3. d4 Bg7 4. Nc3 d5 5. cxd5 Nxd5 6. e4 Nxc3 7. bxc3 O-O 8.
Be3 c5 9. Qd2 Qa5 10. Rc1 Rd8 11. h3 Nc6 12. d5 Ne5 13. Nxe5 Bxe5 14. Be2 e6
15. Bg5 f6 16. f4 fxg5 17. fxe5 exd5 18. exd5 c4 19. O-O Be6 20. d6 Qxe5 21.
Rcd1 Rd7 22. Bf3 Rad8 23. Rfe1 Qxd6 24. Qe3 Qb6 25. Qxb6 axb6 26. Rxd7 Bxd7 27.
Rd1 Kf8 28. Bxb7 1/2-1/2

[Event "24.Schlosspark-Open"]
[Site "Wiesbaden-Biebrich"]
[Date "2012.08.26"]
[Round "7.42"]
[White "Lanz, Udo"]
[Black "Schmitt, Carsten"]
[Result "0-1"]
[WhiteElo "1893"]
[BlackElo "1986"]
[PlyCount "70"]
[EventDate "2012.??.??"]
[WhiteTeam "SC Eberbach"]
[BlackTeam "SV Bergwinkel"]

1. e4 c5 2. Nf3 Nf6 3. Nc3 d5 4. exd5 Nxd5 5. Bc4 Nb6 6. Bb5+ Bd7 7. Qe2 Nc6 8.
Ne4 e6 9. d3 Nd5 10. Bg5 Qa5+ 11. Qd2 Qxb5 12. c4 Qb4 13. cxd5 Qxd2+ 14. Nexd2
exd5 15. O-O f6 16. Rfe1+ Kf7 17. Bf4 Nb4 18. Red1 Nxd3 19. Bg3 Bc6 20. b3 Nb4
21. Nh4 Nc2 22. Rac1 Nd4 23. Kh1 g5 24. Nhf3 Ne6 25. h3 h5 26. Nb1 Rd8 27. Nc3
g4 28. Ng1 h4 29. Bh2 f5 30. Na4 Rg8 31. Be5 b5 32. Nb2 Ng5 33. f4 Ne4 34. Rc2
g3 35. Rcc1 Nf2# 0-1

[Event "24.Schlosspark-Open"]
[Site "Wiesbaden-Biebrich"]
[Date "2012.08.26"]
[Round "7.43"]
[White "Launert, Martin"]
[Black "Rump, Andreas"]
[Result "1-0"]
[WhiteElo "1870"]
[BlackElo "1984"]
[PlyCount "119"]
[EventDate "2012.??.??"]
[WhiteTeam "Sfr.Erbach"]
[BlackTeam "SG Turm Idstein"]

1. e4 d6 2. d4 Nf6 3. Nc3 g6 4. Nf3 Bg7 5. h3 O-O 6. Be3 Nbd7 7. Qd2 e5 8. dxe5
dxe5 9. O-O-O Qe7 10. Bg5 Qc5 11. Be3 Qa5 12. Bc4 Nb6 13. Bb3 Ne8 14. Bh6 Nd6
15. Bxg7 Kxg7 16. Qe2 Bd7 17. g4 Rae8 18. Nh4 Be6 19. Nd5 Nxd5 20. exd5 Bd7 21.
Kb1 Ba4 22. Bxa4 Qxa4 23. Ng2 a5 24. Ne3 b5 25. h4 Qf4 26. Ng2 Qf6 27. Rh3 e4
28. Qe3 Kg8 29. Qd4 Re5 30. h5 g5 31. Rc3 Nc4 32. b3 Na3+ 33. Kb2 b4 34. Rc6
Qe7 35. c4 bxc3+ 36. Qxc3 Nb5 37. Qc5 Rb8 38. Qxe7 Rxe7 39. a4 Nd6 40. Rdc1 Ne8
41. R1c5 Ra8 42. Ne3 Kf8 43. Nf5 Re5 44. Ne3 f6 45. Nc4 Re7 46. Nxa5 f5 47.
gxf5 e3 48. fxe3 Rxe3 49. Re6 Rh3 50. h6 g4 51. Nc6 Rh5 52. Nd4 Rd8 53. a5 g3
54. Re1 Rxh6 55. Ne6+ Ke7 56. Nxd8+ Kxd8 57. Rg1 Nf6 58. a6 Nd7 59. Rc6 Rh2+
60. Ka3 1-0

[Event "24.Schlosspark-Open"]
[Site "Wiesbaden-Biebrich"]
[Date "2012.08.26"]
[Round "7.44"]
[White "Schmidt, Volker"]
[Black "Dehning-Busse, Karsten"]
[Result "1/2-1/2"]
[WhiteElo "1982"]
[BlackElo "1824"]
[PlyCount "111"]
[EventDate "2012.??.??"]
[WhiteTeam "SAbt TuS Dotzheim"]
[BlackTeam "SF Lilienthal von 1971"]

1. c4 Nf6 2. Nc3 g6 3. g3 d6 4. Bg2 e5 5. d3 Bg7 6. e3 O-O 7. Nge2 c6 8. O-O
Na6 9. e4 Nc7 10. f4 exf4 11. Nxf4 Ne6 12. Nfe2 Nc7 13. h3 h6 14. Be3 Kh7 15.
Qd2 Qe7 16. b4 Nd7 17. Rab1 Ne5 18. b5 c5 19. Nf4 Be6 20. b6 axb6 21. Rxb6 Ra7
22. Kh2 Bxc4 23. Rfb1 Rb8 24. Nfd5 Bxd5 25. exd5 f5 26. Bf4 Ne8 27. Re1 Ra6 28.
Rbb1 Qd7 29. Kh1 Ra3 30. Bxe5 Bxe5 31. d4 cxd4 32. Nb5 Rxg3 33. Nxd4 Bxd4 34.
Qxd4 Qg7 35. Qa4 Nf6 36. Qa7 Rd8 37. Rxb7 Rd7 38. Rxd7 Nxd7 39. a4 Ra3 40. Re6
Ra1+ 41. Kh2 h5 42. a5 Ra2 43. Qc7 Rxg2+ 44. Kxg2 Qb2+ 45. Kf1 Qb1+ 46. Re1
Qd3+ 47. Re2 Qd1+ 48. Kf2 Qd4+ 49. Ke1 Qg1+ 50. Kd2 Qd4+ 51. Kc2 Qa4+ 52. Kc1
Qa3+ 53. Kd2 Qb2+ 54. Qc2 Qd4+ 55. Kc1 Ne5 56. Rxe5 1/2-1/2

[Event "24.Schlosspark-Open"]
[Site "Wiesbaden-Biebrich"]
[Date "2012.08.26"]
[Round "7.45"]
[White "Marzec, Witold"]
[Black "Machlin, Maxim"]
[Result "0-1"]
[WhiteElo "1869"]
[BlackElo "1981"]
[PlyCount "36"]
[EventDate "2012.??.??"]
[WhiteTeam "vereinslos"]
[BlackTeam "Biebertaler SF"]

1. d4 d5 2. c4 c6 3. Nf3 e6 4. Nc3 dxc4 5. a4 Bb4 6. e3 b5 7. Bd2 a5 8. Qc2 Nf6
9. Be2 Bb7 10. O-O Bxc3 11. bxc3 O-O 12. Ne5 Nbd7 13. f4 Nxe5 14. fxe5 Nd5 15.
e4 Nb6 16. axb5 cxb5 17. Rf3 b4 18. cxb4 Qxd4+ 0-1

[Event "24.Schlosspark-Open"]
[Site "Wiesbaden-Biebrich"]
[Date "2012.08.26"]
[Round "7.46"]
[White "Frömbgen, Andreas"]
[Black "Sonnhoff, Werner"]
[Result "1/2-1/2"]
[WhiteElo "1973"]
[BlackElo "1815"]
[PlyCount "77"]
[EventDate "2012.??.??"]
[WhiteTeam "SK Gau-Algesheim"]
[BlackTeam "SV Turm Lahnstein"]

1. c4 e6 2. g3 d5 3. Bg2 c6 4. cxd5 exd5 5. d4 Nf6 6. Nc3 Bb4 7. Bd2 O-O 8. Qc2
Bg4 9. Nf3 Nbd7 10. O-O Re8 11. Rfe1 Rc8 12. a3 Bxc3 13. Bxc3 Ne4 14. Qb3 Nxc3
15. bxc3 Rc7 16. e3 Bf5 17. Nd2 Nf6 18. c4 dxc4 19. Qxc4 Ne4 20. Nxe4 Bxe4 21.
f3 Bd5 22. Qb4 Be6 23. Rad1 Qd5 24. Rc1 Qb3 25. Qxb3 Bxb3 26. Rc3 Be6 27. Rec1
f6 28. Bf1 Kf8 29. Bd3 g6 30. h4 Bf7 31. Kf2 Rce7 32. Bf1 Kg7 33. Bg2 Rd8 34.
Rc5 Bb3 35. f4 Bd5 36. Bxd5 Rxd5 37. Rxd5 cxd5 38. Rc5 Rd7 39. g4 1/2-1/2

[Event "24.Schlosspark-Open"]
[Site "Wiesbaden-Biebrich"]
[Date "2012.08.26"]
[Round "7.47"]
[White "Wagner, Stefan"]
[Black "Anhalt, Albert"]
[Result "1-0"]
[WhiteElo "1955"]
[BlackElo "1807"]
[PlyCount "49"]
[EventDate "2012.??.??"]
[WhiteTeam "SC Landskrone"]
[BlackTeam "SG Turm Idstein"]

1. d4 Nf6 2. c4 c5 3. d5 d6 4. Nc3 a6 5. a4 g6 6. Nf3 Bg7 7. g3 O-O 8. Bg2 Bf5
9. O-O Qc8 10. Re1 h6 11. e4 Bh3 12. e5 Bxg2 13. Kxg2 Ng4 14. exd6 exd6 15. Bf4
Rd8 16. Ne4 Ne5 17. Nxd6 Rxd6 18. Bxe5 Rb6 19. Qd2 Nd7 20. Bxg7 Kxg7 21. Re7
Rf6 22. Rae1 Nb6 23. R1e6 Rxe6 24. dxe6 Qd8 25. Rxf7+ 1-0

[Event "24.Schlosspark-Open"]
[Site "Wiesbaden-Biebrich"]
[Date "2012.08.26"]
[Round "7.48"]
[White "Jamali, Wahid"]
[Black "Schöber, Sebastian"]
[Result "0-1"]
[WhiteElo "1936"]
[BlackElo "1699"]
[PlyCount "60"]
[EventDate "2012.??.??"]
[WhiteTeam "SC Flörsheim 1921"]
[BlackTeam "SC Rochade 69 Diez e. V."]

1. d4 d5 2. Bf4 e6 3. Nf3 c5 4. c3 Nc6 5. e3 Nf6 6. Nbd2 cxd4 7. exd4 Qb6 8.
Rb1 Be7 9. h3 O-O 10. Bd3 Bd7 11. O-O Rfc8 12. g4 Be8 13. Ne5 Qd8 14. Ndf3 Ne4
15. Nxc6 bxc6 16. Ba6 Rcb8 17. Bxb8 Qxb8 18. Nd2 Qf4 19. Nxe4 dxe4 20. Qc1 g5
21. Qxf4 gxf4 22. Rfe1 f5 23. Bc4 Bf7 24. gxf5 exf5 25. Bxf7+ Kxf7 26. f3 e3
27. Re2 Bh4 28. Rg2 Rg8 29. Rc1 Rxg2+ 30. Kxg2 e2 0-1

[Event "24.Schlosspark-Open"]
[Site "Wiesbaden-Biebrich"]
[Date "2012.08.26"]
[Round "7.49"]
[White "Anders, Eric"]
[Black "Fröhlich-Dill, Astrid"]
[Result "0-1"]
[WhiteElo "1842"]
[BlackElo "1931"]
[PlyCount "56"]
[EventDate "2012.??.??"]
[WhiteTeam "TSV Schott Mainz"]
[BlackTeam "SV 1920 Hofheim"]

1. e4 c5 2. Nf3 Nc6 3. d4 cxd4 4. Nxd4 e6 5. Nc3 a6 6. Be2 Bb4 7. O-O Nf6 8.
Bf3 Ne5 9. Bg5 h6 10. Bh4 b5 11. a3 Bxc3 12. bxc3 Bb7 13. Re1 O-O 14. Be2 Ng6
15. Bxf6 Qxf6 16. c4 Bxe4 17. cxb5 axb5 18. Nxb5 Qg5 19. f3 Nh4 20. g3 Qe3+ 21.
Kf1 Nxf3 22. Bxf3 Qxf3+ 23. Qxf3 Bxf3 24. a4 Rfc8 25. Nd4 Bd5 26. Red1 Rc5 27.
Rd2 Rca5 28. Nb5 Bc4+ 0-1

[Event "24.Schlosspark-Open"]
[Site "Wiesbaden-Biebrich"]
[Date "2012.08.26"]
[Round "7.50"]
[White "Winand, Edgar"]
[Black "Kirmeir, Andreas"]
[Result "1-0"]
[WhiteElo "1927"]
[BlackElo "1801"]
[PlyCount "197"]
[EventDate "2012.??.??"]
[WhiteTeam "SC Eschbach im Usinger Land"]
[BlackTeam "SC Landskrone"]

1. Nf3 b6 2. d4 Bb7 3. e3 d6 4. Nbd2 Nd7 5. b3 g6 6. Bb2 Bg7 7. Be2 e6 8. O-O
Ne7 9. Rb1 h6 10. Re1 g5 11. Rf1 Ng6 12. Bd3 Qe7 13. c4 h5 14. Bxg6 fxg6 15.
Qc2 Nf8 16. Rbc1 g4 17. Ne1 h4 18. c5 bxc5 19. dxc5 Bxb2 20. Qxb2 Rh7 21. Qd4
h3 22. g3 dxc5 23. Qxg4 Qd7 24. Nc4 Qd5 25. f3 Rd8 26. Rf2 Qf5 27. Qxf5 exf5
28. Na5 Ba6 29. Rfc2 Ne6 30. Nc6 Rd6 31. Ne5 Rg7 32. Nc4 Bxc4 33. bxc4 Rgd7 34.
Re2 g5 35. Kf2 Kf7 36. Rcc2 f4 37. Rb2 fxe3+ 38. Rxe3 Kf6 39. Rbe2 Nd4 40. Rd2
Nf5 41. Red3 Nd4 42. Rb2 Rb6 43. Rbd2 Rbd6 44. Ra3 Kf5 45. Rxa7 Ne6 46. Re2 Rd2
47. Nc2 Rxe2+ 48. Kxe2 Nd4+ 49. Nxd4+ Rxd4 50. Rxc7 Rxc4 51. Kd3 Rc1 52. Rh7 g4
53. Rh5+ Kg6 54. fxg4 Ra1 55. Kc4 Rxa2 56. Rxh3 Rc2+ 57. Kd3 Rc1 58. Rh5 c4+
59. Kd2 Ra1 60. Kc2 Re1 61. Kc3 Re4 62. Rc5 Re2 63. h4 Re3+ 64. Kxc4 Rxg3 65.
Rg5+ Kf6 66. Rf5+ Kg6 67. h5+ Kh6 68. Rf4 Ra3 69. Rf6+ Kg7 70. Rg6+ Kh7 71. Kd4
Ra4+ 72. Ke5 Ra5+ 73. Kf4 Ra4+ 74. Kg5 Ra5+ 75. Kh4 Rb5 76. Rf6 Kg7 77. Rf5 Rb4
78. Kg5 Rb6 79. Rc5 Rb8 80. Rc7+ Kg8 81. Rc6 Re8 82. Kg6 Rf8 83. g5 Kh8 84. Kh6
Rd8 85. g6 Kg8 86. Rf6 Rd7 87. Kg5 Kg7 88. h6+ Kg8 89. Re6 Rd5+ 90. Kf6 Rd8 91.
Rc6 Kh8 92. Ke7 Ra8 93. Rd6 Rf8 94. Rd8 Rxd8 95. Kxd8 Kg8 96. Ke7 Kh8 97. Kf6
Kg8 98. g7 Kh7 99. Kf7 1-0

[Event "24.Schlosspark-Open"]
[Site "Wiesbaden-Biebrich"]
[Date "2012.08.26"]
[Round "7.51"]
[White "Schellen, Sven"]
[Black "Kellerwessel, Ralf"]
[Result "0-1"]
[WhiteElo "1805"]
[BlackElo "1916"]
[PlyCount "132"]
[EventDate "2012.??.??"]
[WhiteTeam "Sfr. Frankfurt 1921"]
[BlackTeam "SC Bad Soden"]

1. d4 g6 2. c4 Bg7 3. Nc3 d6 4. e4 Nc6 5. Be3 e5 6. dxe5 Bxe5 7. c5 Nf6 8. Bb5
O-O 9. Bh6 Re8 10. Bg5 h6 11. Bxf6 Bxf6 12. Nge2 a6 13. Ba4 Bg7 14. O-O Re5 15.
cxd6 cxd6 16. Ng3 b5 17. Bb3 Re8 18. Bd5 Bd7 19. Rc1 Rc8 20. Qd2 Ne5 21. b3 Qa5
22. Nb1 Qxd2 23. Nxd2 Nd3 24. Rxc8 Rxc8 25. Nf3 Nc1 26. Bb7 Rc7 27. Bd5 Nxa2
28. Ne2 Nc3 29. Nxc3 Rxc3 30. h4 Kf8 31. Nd2 Bf6 32. Nb1 Rc7 33. g3 Be6 34.
Bxe6 fxe6 35. Na3 Ke7 36. Kg2 Rc3 37. Rb1 Kd7 38. f4 Be7 39. Kh3 Re3 40. Nc2
Rxe4 41. Ra1 Re2 42. Nd4 Rd2 43. Nf3 Rd3 44. Kg2 Rxb3 45. Rxa6 Rb2+ 46. Kh3 Bf6
47. Ra7+ Kc6 48. Rh7 Rf2 49. Ne1 Bc3 50. Nd3 Rf3 51. Rxh6 Rxd3 52. Rxg6 Re3 53.
h5 b4 54. Rg8 Kd5 55. Rb8 Be1 56. Rb5+ Kc4 57. Rg5 b3 58. h6 Bc3 59. Rg8 b2 60.
Rb8 Re1 61. Kg2 b1=Q 62. Rxb1 Rxb1 63. g4 Kd3 64. g5 Ke4 65. g6 Rb7 66. Kg3 Kf5
0-1

[Event "24.Schlosspark-Open"]
[Site "Wiesbaden-Biebrich"]
[Date "2012.08.26"]
[Round "7.52"]
[White "Diehm, Alexander"]
[Black "Aab, Manfred"]
[Result "1-0"]
[WhiteElo "2059"]
[BlackElo "1808"]
[PlyCount "43"]
[EventDate "2012.??.??"]
[WhiteTeam "SC FK Babenhausen 1994"]
[BlackTeam "SG Stern Stuttgart"]

1. d4 Nf6 2. c4 g6 3. Nc3 d5 4. cxd5 Nxd5 5. Bd2 Bg7 6. e4 Nb6 7. Be3 O-O 8.
Nf3 Nc6 9. Bb5 Bd7 10. Qd2 a6 11. Bxc6 Bxc6 12. b3 a5 13. Bh6 a4 14. Bxg7 Kxg7
15. O-O e6 16. Ne5 Be8 17. Ng4 Qh4 18. f3 Rd8 19. g3 Qh5 20. Qf4 Bc6 21. Qf6+
Kg8 22. Qxd8 1-0